MDQL
is popping MORE tags! Check the
thread
!
Quizzes
Events
Quiz Creation
Community
Videos
Private Events
Remove Ads
Sign In
Join for FREE
Feedback
Dark Mode
Quiz Categories
Sports
Geography
Music
Movies
Television
Just For Fun
Miscellaneous
History
Literature
Language
Science
Gaming
Entertainment
Religion
Holiday
For Kids
Quiz Lab
Recent
Popular Today
Quiz Kudos Today
Editor Picks
Curator Picks
Quizzes by...
Day
Popularity
Type
Ratings
Length
Year
Community
Subscriptions
Recent Discussions
Orange Saloon
Badges
Playlists
Quests
Create
Leaderboards
Showdown
Live 5
Trivia Bingo
Activity
Puzzle Library
Sporcle Events
Private Events
Virtual Trivia
Globe League
Become a Host
Pub Owners
SporcleCon
Opinionation
Our Games
Videos
Blog
Mobile Apps
Partnerships
Remove Ads and Go Orange
Feedback
Miscellaneous
Crossword
General Knowledge
Baby Names
Logo
Food
Cars
Numbers
Grab Bag
University
College
Popular
Company
Slogans
Restaurants
Justice
Letter
Miscellaneous
Crossword
General Knowledge
Baby Names
Logo
Food
Cars
Numbers
Grab Bag
University
College
Popular
Company
Slogans
Restaurants
Justice
Letter
Random Quiz
Search Sporcle
×
Quiz Lab
Quiz Lab
Miscellaneous
fruitful
Type in answers that appear in a list
Type in answers that appear in a list
Classic
Best Score? Go Orange.
Fruits by Facts Stats
Can you name the Fruits by a Fact about them?
By
yanks1020
2m
13 Questions
65 Plays
65 Plays
65 Plays
Comments
Comments
Give Quiz Kudos
Give Quiz Kudos
-
- Ratings
hide this ad
Forced Order
Answers have to be entered in order
Answers have to be entered in order
Random Order
Randomize order of answers
Randomize order of answers
Replay
Link that replays current quiz
Next Quiz
Link to next quiz in quiz playlist
You Got
0%
They Got
Avg Score
30%
Avg Friend Score
Upgrade to see
Score Distribution
Jump to the score distribution portion of the page
Score
0/13
Timer
02:00
0
Plays Today
Fact
Fruit
% Correct
A half cup of this fruit's juice will brighten white laundry
Lemon
67.2%
This fruit was fed to British sailors to prevent scurvy
Lime
50%
This citrus fruit is actually a berry, contrary to common belief
Orange
43.8%
The science of growing this fruit is called pomology
Apple
39.1%
This fruit's skin has a laxative effect
Plum
37.5%
Trained monkeys are sometimes used to harvest this fruit
Coconut
34.4%
This fruit can calm the nervous system because of its B-
complex vitamins
Banana
31.3%
Early explorers used this fruit as canteens to drink water
Watermelon
25%
This fruit's trees can withstand temperatures as low as -
48 degrees Celsius
Pear
18.8%
This fruit was used as a sacred symbol for Christian stonemasons
Strawberry
12.5%
This fruit contains no fat, saturated fat, sodium, or cholesterol
Lime
12.5%
This fruit belongs to the same family as poison ivy
Mango
10.9%
This fruit contains bromelain, which is used to keep cold beer from going cloudy
Pineapple
10.9%
Quiz Playlist
Details
Report
Send in Message
Add To Playlist
Classic:
Type in answers that appear in a list
Forced Order:
Answers have to be entered in order
Random Order:
Randomize order of answers
Last Updated: Feb 16, 2017
Quiz Scoreboard
CHALLENGE
Sign Up to Join the Scoreboard
Show All
Scores
Hide
Comments
May contain spoilers
Recently Published
1-10 Letter E Words III
by El_Dandy
Language
2m
Street Fighter Characters
by Artimus82
Gaming
60s
College Basketball Coaching Resumes
by pancakes188
Sports
9m
More to Explore
Quiz From the Vault
Featured Blog Post
Where Did the Easter Bunny Come From?
hide this ad
You Might Also Like...
Tags
fruit
fruitful
Fruity
Today's Top Quizzes in Miscellaneous
Browse Miscellaneous
hide this ad
Top Contributed Quizzes in Miscellaneous
1
5-to-1: Fast Food
2
The JOE quick-fire general knowledge quiz: Day 174
3
The JOE quick-fire general knowledge quiz: Day 173
4
5-to-1: Cocktails
5
The JOE quick-fire general knowledge quiz: Day 172
6
9x9 Crossword: Disney Movie Titles
7
9x9 Crossword: Charlie and the Chocolate Factory
8
Sunday Crossword: Famous Bodies of Water
9
The JOE quick-fire general knowledge quiz: Day 171
10
9x9 Crossword: Flags
Explore More
Trending Topics
NBA
Marvel
Anime
Kpop
Harry Potter
Crossword
Disney
Soccer
Pokémon
Puzzle
NFL
The Office
Country
WWE
Song
hide this ad
More By:
yanks1020
Quiz
Plays
Rating
Category
Featured
Created
Bond Actors (First Names)
74,960
3.82
Movies
Dec 26, 2010
Organelles in an Animal Cell (picture)
24,478
3.56
Science
Jan 28, 2011
Top Car Manufacturers in the World
3,160
3.80
Geography
Dec 22, 2010
Modern Countries of the Islamic Empire
2,196
3.56
History
Feb 18, 2011
Most Popular Foods in America
1,125
2.57
Miscellaneous
Jan 5, 2011
Go to Creator's Profile
Score Distribution
Quiz Creator Spotlight
yanks1020
Follow
Send a Message
Quizzes Created
-
Created Quiz Play Count
-
More By This Creator
Popular Quizzes Today
1
Find the US States - No Outlines Minefield
2
Find the Countries of Europe - No Outlines Minefield
3
The Countries of the World
4
Find the US States
5
Risky Map Clicking: Biggest States A-Z
6
US States
7
Popular People in 1961
8
Movies - When Are They Set?
More Miscellaneous Quizzes
Begins and Ends in S.P.O.R.C.L.E.
Published
Trending Quizzes
Risky Map Clicking: Least Populous States A-Z
Billboard Blitz: Aretha Franklin
1-10 Letter G Words
Countries of the World: 200 Million BC
1-10 Letter F Words
Recently Updated
Leaping Animals
pecheneg
Reality TV Shows (A-Z)
bhenderson79
Rickey Henderson's Hall of Fame Teammates
pecheneg
Champions League XIs: Arsenal
pecheneg
Quick Pick: Celebrities in WWE's Hall of Fame
aduchscher
A-Z Keypad Blitz II
pecheneg
Multiple Oscar Actors
pecheneg
Mystery Phrase Blitz: Oscar 'Best Actors'
pecheneg
F. Scott Fitzgerald Novels
LTH
Pick 3 Villains
ddd62291
Trending Topics
Marvel
Harry Potter
Disney
Anime
Crossword
Kpop
NBA
NFL
Puzzle
Pokémon
Soccer
Country
The Office
WWE
Song
Your Account Isn't Verified!
In order to create a playlist on Sporcle, you need to verify the email address you used during registration. Go to your
Sporcle Settings
to finish the process.
Report this User
Report this user for behavior that violates our
Community Guidelines
.
Details:
Send Report
Go to the Sporcle.com Mobile Site →
Comments